Növényi festékek
Elmentve itt :
| Szerző: | |
|---|---|
| További közreműködők: | |
| Dokumentumtípus: | Szakdolgozat |
| Megjelent: |
1935
|
| Tárgyszavak: | |
| Online Access: | http://diploma.bibl.u-szeged.hu/84074 |
| LEADER | 00522nta a2200157 i 4500 | ||
|---|---|---|---|
| 001 | dipl84074 | ||
| 005 | 20200120114903.0 | ||
| 008 | 200120s1935 hu om 0|| zxx d | ||
| 040 | |a SZTE Diploma Repozitórium |b hun | ||
| 041 | |a zxx | ||
| 100 | 1 | |a Prehoda Katalin | |
| 245 | 1 | 0 | |a Növényi festékek |h [elektronikus dokumentum] / |c Katalin Prehoda |
| 260 | |c 1935 | ||
| 650 | 4 | |a Természettudományok | |
| 700 | 1 | |a Reichert Róbert |e ths | |
| 856 | 4 | 0 | |u http://diploma.bibl.u-szeged.hu/id/eprint/84074/1/1935_prehoda_katalin.pdf |z Dokumentum-elérés |